Grande fantaisie militaire Op. 15 : pour le violon avec accompagnement d'orchestre ou de piano : avec piano /
| Main Author: | Léonard, Hubert, 1819-1890 |
|---|---|
| Language: | No linguistic content |
| Published: |
Mayence : Chez les fils de B. Schott, [1851?] |
| Physical Description: |
1 partitura (17 s.) + 1 hlas (7 s.) |
| LEADER | 00858ncm a22002172a 4500 | ||
|---|---|---|---|
| 001 | 001267767 | ||
| 003 | CZ BrMZK | ||
| 005 | 20150429084448.0 | ||
| 007 | qu | ||
| 008 | 121127s1851 gw |||||||||||||||||zxx d | ||
| 040 | |a BOA001 |b cze | ||
| 072 | 7 | |a 787 |x Hudba pro strunné a smyčcové nástroje |2 Konspekt |9 9 | |
| 100 | 1 | |a Léonard, Hubert, |d 1819-1890 |7 xx0019878 |4 cmp | |
| 245 | 1 | 0 | |a Grande fantaisie militaire |h [hudebnina] : |b Op. 15 : pour le violon avec accompagnement d'orchestre ou de piano : avec piano / |c composée par H. Léonard |
| 260 | |a Mayence : |b Chez les fils de B. Schott, |c [1851?] | ||
| 300 | |a 1 partitura (17 s.) + 1 hlas (7 s.) | ||
| 500 | |a Tisk vtlačenou plotnou, č. 10975 | ||
| 910 | |a BOA001 |b Mus4-0220.376 | ||
| 990 | |a MU | ||
| 991 | |b 201211 | ||
| 996 | 6 | |b 2619493848 |c Mus4-0220.376 |l MZK |r Sklad / do 1 hodiny |n 0 |w 001301873 |u 000010 |a 1 |e BOA001 |j MZK50 |s P | |
English
Čeština 